000
00235nam a2200097Ia 4500
005
20251222120158.0
008
251222s1900||||xx |||||||||||||| ||spa||
082
_a
DVD0110/F57/2006
245
0
_a
El Mago de Oz:The wizard of Oz
942
_c
DVD
999
_c
2314
_d
2314